| 000 | 00596 a2200193 4500 | ||
|---|---|---|---|
| 999 |
_c4561 _d4561 |
||
| 020 | _a1920076859 | ||
| 050 | _aPR9364.9 MAC 2005 | ||
| 100 |
_aMackulane, L _eauthor |
||
| 245 |
_aThe reality beyond grade 11 / _cL. Mckulane and others |
||
| 264 |
_aThohoyandou: _bKalahari Productions and Booksellers, _c2005 |
||
| 300 | _a117p. : | ||
| 500 | _aRevised national curriculum statement | ||
| 650 | _aFiction----South Africa | ||
| 651 | _aSouth Africa | ||
| 700 |
_aNgobeni, W. _eauthor |
||
| 700 |
_aBenedictus, S. _eauthor |
||
| 700 |
_aSydney, B. _eauthor |
||
| 942 |
_2lcc _cBK _h9364.9 _iMAC _kPR |
||